Nováčik nečakane vo veľkom rozlete futbalisti spod Dukly našli v jeseni len dvoch premožiteľov

Podrobná bibliografia
Médium: Článok
Jazyk:Slovak
Témy:
Zdroj: 1. Lúč 1. Roč. 2, č. 276 (26.11.1993)
2. Príloha Východoslovenský šport 2. Č. 18, s. 6
LEADER 00770nab#a2200289#ar4500
001 000090293
003 SVKKK
005 20080701094246.0
008 060831c1993 xo e slo
FMT
015 |a SNBBR2008/06 
038 |a SVKKK 
040 |a SVKKK  |b slo  |e AACR2 
041 0 |a slo 
044 |a xo  |c SK 
080 |a 796.332  |2 1997 
245 1 0 |a Nováčik nečakane vo veľkom rozlete  |b futbalisti spod Dukly našli v jeseni len dvoch premožiteľov  |c Jozef Desiatnik 
650 0 4 |a futbalový klub  |z Svidník (Slovensko) 
773 0 |t Lúč  |g Roč. 2, č. 276 (26.11.1993) 
773 0 8 |t Príloha Východoslovenský šport  |g Č. 18, s. 6 
957 |a 712 
958 |a RK 
974 |a Fav 
992 |a RBX 
BAS
852 |a SVKKK  |b BIB 
998 |a REG